Implementacion de herramientas de manejo de paisaje como estrategia para la conservación de la biodiversidad en la cuenca media del rio nima (Registro nro. 7754)

Detalles MARC
000 -CABECERA
Campo de control 01136nam a22002057a 4500
005 - FECHA Y HORA DE LA ULTIMA TRANSACCION
Campo de control 20180803165508.0
008 - ELEMENTOS DE LONGITUD FIJA—INFORMACION GENERAL
Campo de control 131108b2007 ck ||||| |||| 00| 0 spa d
041 ## - IDIOMA
Código de idioma para texto/pista de sonido o título separado Español
044 ## - PAÍS DE PUBLICACIÓN
País de publicación Colombia
090 ## - CLASIFICACIÓN LOCAL
Colección IAVH
Consecutivo 01450
245 ## - MENCION DE TITULO
Título Implementacion de herramientas de manejo de paisaje como estrategia para la conservación de la biodiversidad en la cuenca media del rio nima
260 ## - PUBLICACION, DISTRIBUCION, ETC. (PIE DE IMPRENTA)
Lugar de publicación, distribución, etc. Palmira
Nombre del editor, distribuidor, etc. Instituto de Investigación de Recursos Biológicos Alexander von Humboldt
-- Fundacion Ambiental Colombia
Fecha de publicación, distribución, etc. 2007
300 ## - DESCRIPCION FISICA
Extensión 47 p.
Otros detalles físicos il
Dimensiones 27 cm
500 ## - NOTA GENERAL
Nota general Informe tecnico Contrato de consultaria Nº 07-05-65-0231 ps entre Instituto de Investigación de Recursos Biológicos Alexander Von Humboldt y Fundacion Ambiente Colombia
520 ## - NOTA DE RESUMEN, ETC.
Nota de resumen Implementar la fae Nº 1 de las herramientas de manejo,definidas para los predios priorizados en la ventana de paisaje rural ganadero en la cuenca media del río Nima, en el municipio de Palmira, como estrategia de conservación de la biodiversidad.
650 ## - ASIENTO SECUNDARIO DE MATERIA - TERMINO TEMATICO
Término temático o nombre geográfico como elemento de entrada Paisaje rural
650 ## - ASIENTO SECUNDARIO DE MATERIA - TERMINO TEMATICO
Término temático o nombre geográfico como elemento de entrada Cuenca
650 ## - ASIENTO SECUNDARIO DE MATERIA - TERMINO TEMATICO
Término temático o nombre geográfico como elemento de entrada Río nima
Subdivisión geográfica Palmira (Valle de Cauca)
942 ## - ELEMENTOS ADICIONALES (KOHA)
Sistema de clasificación Local
Tipo de ítem Impreso
Existencias
Withdrawn status Lost status Sistema de Clasificación Damaged status No para préstamo Colección Inventariado Ubicación Permanente Ubicación actual Fecha de adquisición Total Checkouts Número topográfico Inventario / Código de Barras Date last seen Ejemplar Price effective from Forma de adquisición Tipo de material
    Local     Humboldt Inventariado 2017 Bogotá Bogotá 08/11/2013   IAVH-01450 059227 09/08/2024 Ej. 1 08/11/2013   Informe Técnico